[Event "Tournoi francophone 013"]
[Site "Skype"]
[Date "????.??.??"]
[Round "1.1"]
[White "Thevenet, Yann"]
[Black "Hargez, Dany"]
[Result "1-0"]
[WhiteElo "1986"]
[BlackElo "1296"]
[PlyCount "59"]

1. e4 c5 2. b3 e5 3. Bb2 Nc6 4. f4 exf4 5. Nf3 a6 6. Nc3 Nf6 7. e5 Ng4 8. Nd5
d6 9. Qe2 Be7 10. Nxe7 Qxe7 11. exd6 Qxe2+ 12. Bxe2 O-O 13. h3 Nh6 14. O-O-O
Re8 15. Rhe1 Nf5 16. d4 Ng3 17. Bxa6 Be6 18. Bxb7 Nb4 19. Bxa8 Rxa8 20. dxc5
Nxa2+ 21. Kb1 Nf5 22. c6 Ne3 23. d7 Nxd1 24. Rxe6 fxe6 25. c7 Ndc3+ 26. Bxc3
Nxc3+ 27. Kb2 Nb5 28. c8=Q+ Rxc8 29. dxc8=Q+ Kf7 30. Qd7+ 1-0

[Event "Tournoi francophone 013"]
[Site "Skype"]
[Date "????.??.??"]
[Round "1.2"]
[White "Sauvaget, Joel"]
[Black "Hilton, Stephen"]
[Result "0-1"]
[WhiteElo "1290"]
[BlackElo "1865"]
[PlyCount "56"]

1. d4 Nf6 2. c4 c5 3. d5 e6 4. Nc3 exd5 5. cxd5 d6 6. e4 g6 7. Bd3 Bg7 8. Bd2
O-O 9. Nf3 Re8 10. O-O Bg4 11. h3 Bxf3 12. Qxf3 Nbd7 13. Rfe1 Ne5 14. Qe2 Nxd3
15. Qxd3 a6 16. Rac1 Nd7 17. Bf4 Ne5 18. Qe2 b5 19. b3 Rc8 20. Nb1 Qa5 21. Rc2
Qb6 22. Rec1 Nd7 23. Nd2 Nf6 24. f3 Nxd5 25. Qf1 Nb4 26. Nb1 Nxc2 27. Rxc2 c4+
28. Be3 Qxe3+ 0-1

[Event "Tournoi francophone 013"]
[Site "Skype"]
[Date "????.??.??"]
[Round "1.3"]
[White "Deville, Olivier"]
[Black "Vervoort, Jean-Louis"]
[Result "1-0"]
[WhiteElo "1823"]
[BlackElo "1273"]
[PlyCount "39"]

1. d4 d5 2. c4 Nf6 3. cxd5 Qxd5 4. Nc3 Qa5 5. e3 c6 6. Bd3 Nd5 7. Bd2 Nxc3 8.
bxc3 e6 9. Nf3 Bd6 10. O-O O-O 11. e4 c5 12. c4 Qc7 13. e5 Be7 14. d5 exd5 15.
cxd5 Qd8 16. d6 Bxd6 17. exd6 Qxd6 18. Bc3 Nc6 19. Bxh7+ Kxh7 20. Qxd6 1-0

[Event "Tournoi francophone 013"]
[Site "Skype"]
[Date "????.??.??"]
[Round "1.4"]
[White "L'Herbon De Lussats, Jean"]
[Black "Elias, Roberto"]
[Result "1/2-1/2"]
[WhiteElo "1272"]
[BlackElo "1782"]
[PlyCount "112"]

1. d4 Nf6 2. c4 e6 3. Nf3 Bb4+ 4. Nc3 c5 5. g3 Nc6 6. Bg2 Bxc3+ 7. bxc3 Qa5 8.
Bb2 cxd4 9. Nxd4 O-O 10. O-O Ne5 11. Nb3 Qc7 12. c5 Rb8 13. Qd6 Qxd6 14. cxd6
Nc4 15. Bc1 a5 16. Bg5 a4 17. Nd4 b5 18. Rab1 Ba6 19. Rfd1 Rb6 20. Nf3 Rxd6 21.
Rxd6 Nxd6 22. Ne5 Nfe4 23. Be7 Rc8 24. Rd1 Nc4 25. Bxe4 Nxe5 26. f4 d5 27. Bg2
Nc6 28. Bd6 f5 29. h3 Kf7 30. g4 g6 31. Kf2 Na5 32. gxf5 gxf5 33. Bf3 Nc4 34.
Bh5+ Kf6 35. Bb4 Rg8 36. Rg1 Rxg1 37. Kxg1 Nd2 38. Ba5 Ke7 39. Bb4+ Kd8 40. Bf7
Bc8 41. Kf2 Ne4+ 42. Ke3 Ng3 43. Kf3 Ne4 44. Ke3 Ng3 45. Kd3 Bd7 46. e3 Kc7 47.
Kd4 Nf1 48. Bc5 Kc6 49. Bb4 Nd2 50. Ke5 Nc4+ 51. Kd4 Nd6 52. Bh5 Nc4 53. Bf7
Nd6 54. Bg8 h5 55. Ke5 Nc4+ 56. Kd4 Nd6 1/2-1/2

[Event "Tournoi francophone 013"]
[Site "Skype"]
[Date "????.??.??"]
[Round "1.5"]
[White "Legueltel, Daniel"]
[Black "Rodriguez, Nathalie"]
[Result "1-0"]
[WhiteElo "1753"]
[BlackElo "1266"]
[PlyCount "89"]

1. d4 d5 2. c4 Nf6 3. Nc3 e6 4. Nf3 c5 5. cxd5 Nxd5 6. e3 Be7 7. Bc4 Nxc3 8.
bxc3 cxd4 9. cxd4 Bd7 10. O-O a6 11. Ne5 Bb5 12. Bxb5+ axb5 13. Qb3 O-O 14.
Qxb5 Nd7 15. Qxd7 Qxd7 16. Nxd7 Rfd8 17. Ne5 f6 18. Nf3 Rdc8 19. Bd2 Rc4 20.
Rfc1 b5 21. Rxc4 bxc4 22. a4 Bd8 23. a5 Bc7 24. Kf1 Kf8 25. Ke2 Ke8 26. Bc3 Kd7
27. Nd2 Kc6 28. Nxc4 Kb5 29. Kd3 Ra6 30. Rb1+ Kc6 31. h3 h6 32. e4 Kd7 33. g3
Ke7 34. Bb4+ Kd7 35. Bc5 Kc6 36. Bb6 Bxb6 37. axb6 Ra8 38. b7 Rb8 39. Na5+ Kc7
40. d5 exd5 41. exd5 Kd6 42. Kd4 Kc7 43. Kc5 Kd7 44. Kb6 Kd6 45. Nc6 1-0

[Event "Tournoi francophone 013"]
[Site "Skype"]
[Date "????.??.??"]
[Round "1.6"]
[White "Le Bouill, Pierre"]
[Black "Rapaire, Jean-Michel"]
[Result "0-1"]
[WhiteElo "1252"]
[BlackElo "1742"]
[PlyCount "70"]

1. e4 c5 2. c3 e5 3. Nf3 d6 4. h3 Nf6 5. d3 Be7 6. Be2 Nc6 7. Na3 a6 8. Nc4 b5
9. Ne3 Be6 10. Nf5 Bxf5 11. exf5 d5 12. d4 cxd4 13. cxd4 e4 14. Ne5 Rc8 15. Bf4
Bb4+ 16. Bd2 Nxd4 17. Bxb4 Nc2+ 18. Kf1 Nxb4 19. Rc1 O-O 20. g3 Qd6 21. Ng4
Nxg4 22. hxg4 Nxa2 23. Rxc8 Rxc8 24. Kg2 d4 25. g5 d3 26. Bh5 g6 27. fxg6 hxg6
28. Bg4 Rc2 29. Bf5 Qc5 30. Bxe4 Qxf2+ 31. Kh3 Qe2 32. Bxd3 Qg2+ 33. Kg4 Rxb2
34. Be4 Qxe4+ 35. Kh3 Qg2+ 0-1

[Event "Tournoi francophone 013"]
[Site "Skype"]
[Date "????.??.??"]
[Round "1.7"]
[White "Martinez Quintero, Javier"]
[Black "Trivedi, Viral"]
[Result "0-1"]
[WhiteElo "1697"]
[BlackElo "1230"]
[PlyCount "56"]

1. d4 Nf6 2. c4 e6 3. Nf3 Bb4+ 4. Nbd2 O-O 5. a3 Be7 6. e4 d5 7. Bd3 dxe4 8.
Nxe4 Nxe4 9. Bxe4 f5 10. Bd3 c5 11. dxc5 Bxc5 12. b4 Be7 13. Bb2 Bf6 14. Bxf6
Qxf6 15. O-O e5 16. Bc2 Be6 17. Qd2 Bxc4 18. Rfd1 Nc6 19. Qc3 Be2 20. Rd7 Bxf3
21. Qxf3 Nd4 22. Qd5+ Kh8 23. Bd3 Rad8 24. Qxb7 Rxd7 25. Qxd7 e4 26. Rd1 exd3
27. Qxa7 Re8 28. Kf1 Qe5 0-1

[Event "Tournoi francophone 013"]
[Site "Skype"]
[Date "????.??.??"]
[Round "1.8"]
[White "Porcabeuf, Jean-Marc"]
[Black "Meyer, Eric"]
[Result "0-1"]
[WhiteElo "1229"]
[BlackElo "1675"]
[PlyCount "40"]

1. e4 c5 2. Nf3 d6 3. d4 cxd4 4. Nxd4 Nf6 5. Nc3 a6 6. Bc4 e6 7. O-O Be7 8. Re1
Qc7 9. Bb3 O-O 10. Bf4 e5 11. Bxe5 dxe5 12. Nf5 Bb4 13. Re3 Bxc3 14. Rxc3 Nc6
15. Ng3 Be6 16. Rc1 Qb6 17. Qe2 Rac8 18. Ra1 Nd4 19. Qe3 Ng4 20. Rxc8 Nxe3 0-1

[Event "Tournoi francophone 013"]
[Site "Skype"]
[Date "????.??.??"]
[Round "1.9"]
[White "Lambert, Pierre"]
[Black "Moumtaz, Abderrahim"]
[Result "1-0"]
[WhiteElo "1647"]
[BlackElo "1226"]
[PlyCount "47"]

1. e4 e5 2. Nf3 Nf6 3. Nxe5 d6 4. Nf3 Nxe4 5. d3 Nf6 6. Nc3 Nc6 7. d4 d5 8. Bb5
Bd7 9. O-O Be7 10. Bg5 Be6 11. Ne5 Qd6 12. Bf4 Rg8 13. Ng6 Qd7 14. Nxe7 Qxe7
15. Re1 O-O-O 16. Bxc6 bxc6 17. Na4 Ne4 18. f3 Nd6 19. Nc5 g5 20. Qd3 gxf4 21.
Qa6+ Kb8 22. Qxc6 Qd7 23. Na6+ Kc8 24. Qa8# 1-0

[Event "Tournoi francophone 013"]
[Site "Skype"]
[Date "????.??.??"]
[Round "1.10"]
[White "Malbec, Robert"]
[Black "Hurtado De Mendoza, Ramon Miguel"]
[Result "0-1"]
[WhiteElo "1214"]
[BlackElo "1549"]
[PlyCount "32"]

1. e4 d5 2. exd5 Nf6 3. c4 e6 4. Nc3 exd5 5. cxd5 Nxd5 6. Nxd5 Qxd5 7. Nf3 Bg4
8. Be2 Bd6 9. O-O O-O 10. Re1 Nc6 11. b3 Qh5 12. h3 Bd7 13. Nh2 Qe5 14. Bc4
Qxh2+ 15. Kf1 Qh1+ 16. Ke2 Rae8+ 0-1

[Event "Tournoi francophone 013"]
[Site "Skype"]
[Date "????.??.??"]
[Round "1.11"]
[White "Megelas, Florent"]
[Black "Busto, Ricardo"]
[Result "1-0"]
[WhiteElo "1539"]
[BlackElo "1210"]
[PlyCount "44"]

1. e4 c5 2. Nf3 d6 3. d4 Nf6 4. Nc3 cxd4 5. Nxd4 a6 6. Be2 e5 7. Nb3 Nc6 8. O-O
Be7 9. f4 O-O 10. Kh1 Nd4 11. Nxd4 exd4 12. Qxd4 Nd7 13. Nd5 Bf6 14. Nxf6+ Nxf6
15. Bd3 Qe7 16. Qf2 Ng4 17. Qg3 f5 18. exf5 Bxf5 19. Bxf5 Rxf5 20. Qxg4 Qe4 21.
Bd2 Qe6 22. Bc3 Rf7 1-0

[Event "Tournoi francophone 013"]
[Site "Skype"]
[Date "????.??.??"]
[Round "1.12"]
[White "Douichi, Mohammed"]
[Black "Leyton Calderon, Jairo Oswaldo"]
[Result "0-1"]
[WhiteElo "1203"]
[BlackElo "1526"]
[PlyCount "112"]

1. d4 Nf6 2. Nc3 g6 3. e4 d6 4. Nf3 Bg7 5. Be2 O-O 6. h3 e5 7. dxe5 dxe5 8.
Qxd8 Rxd8 9. Nxe5 Nxe4 10. Nxe4 Bxe5 11. c3 Nc6 12. O-O f5 13. Ng5 Kg7 14. Bc4
Na5 15. Nf7 Bf6 16. Bh6+ Kg8 17. Nxd8+ Nxc4 18. Rad1 Nd6 19. Bf4 Bxd8 20. Bxd6
cxd6 21. Rxd6 Be7 22. Rd5 Kf7 23. Re1 Bf6 24. Rc5 Bd8 25. Ree5 Be6 26. a3 Bb6
27. Rb5 Rd8 28. Re1 Rd2 29. Rbe5 Bxf2+ 30. Kf1 Bxe1 31. Kxe1 Rxb2 32. Rc5 Ke7
33. Rc7+ Bd7 34. c4 Kd8 35. Rc5 Rxg2 36. a4 b6 37. Rd5 Ra2 38. a5 Rxa5 39. Rd6
Rc5 40. Rd4 Ke7 41. Ke2 a5 42. Kd3 Be6 43. Rh4 Bxc4+ 44. Kd4 Bg8 45. Kd3 Rc4
46. Rxh7+ Bxh7 47. Kxc4 f4 48. Kd3 a4 49. Ke4 a3 50. Kxf4 a2 51. Kg5 a1=Q 52.
Kh6 Qf6 53. Kxh7 g5 54. Kg8 Qg6+ 55. Kh8 Kf7 56. h4 Qg7# 0-1

[Event "Tournoi francophone 013"]
[Site "Skype"]
[Date "????.??.??"]
[Round "1.13"]
[White "Gadow, Martin"]
[Black "Milanese, Serge"]
[Result "1-0"]
[WhiteElo "1521"]
[BlackElo "1202"]
[PlyCount "29"]

1. c4 Nf6 2. d4 d5 3. e3 Bf5 4. Nc3 c6 5. Qb3 Qc7 6. cxd5 cxd5 7. Bb5+ Bd7 8.
Nf3 e6 9. Bd2 Bd6 10. Rc1 Bxb5 11. Nxb5 Qe7 12. Nxd6+ Qxd6 13. Rc8+ Kd7 14.
Qxb7+ Qc7 15. Qxc7# 1-0

[Event "Tournoi francophone 013"]
[Site "Skype"]
[Date "????.??.??"]
[Round "1.14"]
[White "Abate, Luigi"]
[Black "Violette, Didier"]
[Result "0-1"]
[WhiteElo "1189"]
[BlackElo "1520"]
[PlyCount "110"]

1. d4 Nf6 2. c4 c5 3. d5 e6 4. Nc3 exd5 5. cxd5 d6 6. e4 g6 7. Bg5 Bg7 8. Nf3
O-O 9. Bb5 a6 10. Bc4 Re8 11. Bd3 b5 12. a3 c4 13. Bc2 Nbd7 14. O-O Nc5 15. Re1
h6 16. Bf4 g5 17. Nxg5 hxg5 18. Bxg5 Qd7 19. Qf3 Ng4 20. h3 Ne5 21. Qh5 f6 22.
Bh6 Bxh6 23. Qxh6 Qg7 24. Qxg7+ Kxg7 25. Re3 Rg8 26. Rg3+ Kf7 27. Rxg8 Kxg8 28.
Re1 Ra7 29. Bd1 Rg7 30. g4 Ncd3 31. Re3 Nxb2 32. Bc2 Nbd3 33. f3 Nf4 34. Kh2
Rh7 35. Kg3 Neg6 36. e5 Rxh3+ 37. Kf2 Nxe5 38. Ne2 Nxe2 39. Kxe2 Rh2+ 40. Kd1
Kg7 41. f4 Bxg4+ 42. Kc1 Nd3+ 43. Bxd3 cxd3 44. Rxd3 Rh3 45. Rxh3 Bxh3 46. a4
b4 47. a5 Bg2 48. Kb2 Bxd5 49. Kc2 Kg6 50. Kd3 b3 51. Kc3 Kf5 52. Kb2 Ke4 53.
f5 Kd3 54. Ka3 Kc2 55. Kb4 b2 0-1

[Event "Tournoi francophone 013"]
[Site "Skype"]
[Date "????.??.??"]
[Round "1.16"]
[White "Guillaume, Mickael"]
[Black "Gharbi, Said"]
[Result "1/2-1/2"]
[WhiteElo "1106"]
[BlackElo "1456"]
[PlyCount "59"]

1. e4 e5 2. Nf3 Nc6 3. Bc4 d6 4. O-O Bg4 5. h3 Bh5 6. Nc3 Nd4 7. g4 Nxf3+ 8.
Qxf3 Bg6 9. d3 Qf6 10. Qg3 O-O-O 11. Be3 Kb8 12. f4 Qe7 13. f5 Rd7 14. Nd5 Qd8
15. fxg6 hxg6 16. Qf2 b6 17. a4 Rxh3 18. Bb5 c6 19. Bxc6 Re7 20. Nxe7 Bxe7 21.
Kg2 Rh4 22. Qg3 Qc8 23. Rxf7 Rxg4 24. Qxg4 Qxg4+ 25. Kf2 Bh4+ 26. Kf1 Ne7 27.
Rf8+ Kc7 28. Ba8 Qg3 29. Bf2 Qh2 30. Ke2 1/2-1/2

[Event "Tournoi francophone 013"]
[Site "Skype"]
[Date "????.??.??"]
[Round "1.17"]
[White "Farfallini, Michel"]
[Black "Rivalta, Paolo"]
[Result "1-0"]
[WhiteElo "1446"]
[BlackElo "1101"]
[PlyCount "77"]

1. e4 e5 2. Nf3 Nc6 3. Bb5 Nge7 4. O-O a6 5. Ba4 b5 6. Bb3 Bb7 7. Ng5 d5 8. Qf3
f6 9. exd5 Nd4 10. Qh3 fxg5 11. Qh5+ Ng6 12. Re1 Bd6 13. Nc3 b4 14. Ne4 Nxb3
15. axb3 Bxd5 16. d4 O-O 17. Nxg5 Rf5 18. Qxh7+ Kf8 19. Qxg6 Qd7 20. Nh7+ Kg8
21. dxe5 Re8 22. Bg5 Bf7 23. e6 Bxg6 24. exd7 Kxh7 25. Rxe8 Bxe8 26. dxe8=Q
Rxg5 27. Qd7 Re5 28. g3 Kh6 29. Qh3+ Kg6 30. f4 Re3 31. f5+ Kf6 32. Rf1 Bc5 33.
Kg2 Re2+ 34. Kf3 Rxc2 35. Kg4 Rxb2 36. Qh4+ Kf7 37. Qh5+ Kg8 38. Rd1 Bd6 39.
Re1 1-0

[Event "Tournoi francophone 013"]
[Site "Skype"]
[Date "????.??.??"]
[Round "1.18"]
[White "Schnell, Nicolas"]
[Black "Briere, Jean"]
[Result "0-1"]
[WhiteElo "1099"]
[BlackElo "1435"]
[PlyCount "86"]

1. e4 e5 2. Bc4 Nf6 3. Nc3 Bc5 4. Nf3 O-O 5. O-O d6 6. Be2 Nc6 7. d3 h6 8. Nd5
Nxd5 9. exd5 Ne7 10. c4 c6 11. Bd2 cxd5 12. cxd5 Nxd5 13. Qb3 Nf6 14. Ng5 hxg5
15. Bxg5 Qb6 16. Qc3 Nd5 17. Qd2 f6 18. Bh4 Ne3 19. Rfe1 Nf5 20. Bxf6 Bxf2+ 21.
Kh1 Bxe1 22. Rxe1 gxf6 23. g3 Kf7 24. Bh5+ Ke7 25. d4 Qxd4 26. Qe2 Qd5+ 27. Bf3
Qf7 28. Be4 Nd4 29. Qe3 Rh8 30. Bd3 Nf5 31. Bxf5 Bxf5 32. Qd4 Qh5 33. Rxe5+
fxe5 34. Qh4+ Qxh4 35. gxh4 Rxh4 36. Kg2 Rf4 37. h3 Rh8 38. Kg3 Rxh3+ 39. Kg2
e4 40. b4 e3 41. Kg1 e2 42. Kg2 e1=Q 43. a3 Qf2# 0-1

[Event "Tournoi francophone 013"]
[Site "Skype"]
[Date "????.??.??"]
[Round "1.19"]
[White "Fouquereau, Andre"]
[Black "Dhenain, Sebastien"]
[Result "1-0"]
[WhiteElo "1433"]
[BlackElo "1086"]
[PlyCount "61"]

1. e4 e5 2. Nf3 Nc6 3. c3 Nf6 4. Bb5 Nxe4 5. Bxc6 dxc6 6. d3 Nf6 7. O-O Bg4 8.
Be3 e4 9. Nbd2 exf3 10. Nxf3 Be7 11. Bg5 O-O 12. Bxf6 Bxf6 13. d4 Be7 14. Qd3
c5 15. Ne5 cxd4 16. Nxg4 Bd6 17. Qxd4 h5 18. Ne3 c5 19. Qd1 Qc7 20. Qxh5 g6 21.
Qh3 Rad8 22. Rad1 Rde8 23. Nd5 Qd8 24. Rfe1 Rxe1+ 25. Rxe1 Bxh2+ 26. Kxh2 Qxd5
27. Qh6 Qxa2 28. Re2 Qc4 29. Re3 Rd8 30. Rh3 Rd7 31. Qh8# 1-0

[Event "Tournoi francophone 013"]
[Site "Skype"]
[Date "????.??.??"]
[Round "1.20"]
[White "Ruiz Aguilera, Juan Jesus"]
[Black "Ortiz, Vladimir"]
[Result "0-1"]
[WhiteElo "1083"]
[BlackElo "1419"]
[PlyCount "42"]

1. d4 d5 2. e3 Bf5 3. Bd3 Bxd3 4. Qxd3 c6 5. c3 Nd7 6. Nf3 Qc7 7. O-O e5 8.
dxe5 Nxe5 9. Nxe5 Qxe5 10. Re1 Bd6 11. g3 Nf6 12. Nd2 Qh5 13. h3 Qxh3 14. Qf1
Qxf1+ 15. Rxf1 O-O-O 16. Nf3 Ne4 17. Kg2 g5 18. g4 h5 19. Rh1 hxg4 20. Rxh8
gxf3+ 21. Kxf3 Rxh8 0-1

[Event "Tournoi francophone 013"]
[Site "Skype"]
[Date "????.??.??"]
[Round "1.21"]
[White "Couto, Januario"]
[Black "Coude, Josue"]
[Result "1-0"]
[WhiteElo "1387"]
[BlackElo "1078"]
[PlyCount "53"]

1. e4 e5 2. Nf3 Nc6 3. Bb5 Bc5 4. c3 a6 5. Ba4 b5 6. Bc2 Nge7 7. d4 exd4 8.
cxd4 Bb4+ 9. Nc3 d6 10. h3 Be6 11. d5 Nxd5 12. exd5 Bd7 13. dxc6 Bxc6 14. O-O
Qe7 15. Re1 Be4 16. Rxe4 Qxe4 17. Nxe4 O-O 18. Qd3 Rfd8 19. Nf6+ Kf8 20. Nxh7+
Ke7 21. Qe4+ Kd7 22. Qxb4 c5 23. Bf5+ Kc7 24. Qa5+ Kc6 25. Bf4 g6 26. Be4+ d5
27. Qc7# 1-0

[Event "Tournoi francophone 013"]
[Site "Skype"]
[Date "????.??.??"]
[Round "1.22"]
[White "Ramirez, Luis Antonio"]
[Black "Bourdeau, Yvan"]
[Result "0-1"]
[WhiteElo "1075"]
[BlackElo "1383"]
[PlyCount "94"]

1. d4 Nf6 2. Nc3 e6 3. Bf4 c6 4. Nf3 d5 5. g3 Bd6 6. Bg2 Nh5 7. Bg5 f6 8. Bh4
g5 9. Nxg5 fxg5 10. Bf3 Ng7 11. Qd2 Be7 12. O-O-O Bd7 13. Rhg1 O-O 14. e4 Rxf3
15. e5 Be8 16. Qe2 Rf8 17. f4 Bg6 18. Bxg5 Bxg5 19. fxg5 Qxg5+ 20. Rd2 Nd7 21.
h4 Qh5 22. Qh2 Qg4 23. Qe2 Qxe2 24. Rxe2 Rf3 25. g4 Raf8 26. h5 Rf1+ 27. Rxf1
Rxf1+ 28. Kd2 Bf7 29. h6 Ne8 30. Rg2 Nf8 31. Re2 Ng6 32. Re1 Rxe1 33. Kxe1 Nf4
34. Kf2 Bg6 35. Kg3 Ng2 36. Kxg2 Bxc2 37. Ne2 Kf7 38. Ng3 Nc7 39. Nh5 Nb5 40.
Nf6 Nxd4 41. Kg3 c5 42. b3 c4 43. g5 c3 44. Kf4 Bg6 45. Kg4 c2 46. Nxh7 Bxh7
47. g6+ Kxg6 0-1

[Event "Tournoi francophone 013"]
[Site "Skype"]
[Date "????.??.??"]
[Round "1.23"]
[White "Duthoit, Bernard"]
[Black "Maccaferri, Massimo"]
[Result "1-0"]
[WhiteElo "1379"]
[BlackElo "1074"]
[PlyCount "103"]

1. e4 e5 2. d4 exd4 3. c3 d3 4. Bxd3 Nf6 5. e5 Qe7 6. Nf3 Ng4 7. O-O Nxe5 8.
Nxe5 d6 9. Nf3 Qd8 10. Re1+ Be7 11. Bg5 f6 12. Bh4 g5 13. Bg3 g4 14. Nh4 Nc6
15. Bf5 Ne5 16. Bxc8 Qxc8 17. Bxe5 dxe5 18. Qc2 c6 19. Qf5 Qc7 20. Qxg4 Kf7 21.
Qh5+ Ke6 22. Qf5+ Kf7 23. Nd2 Qc8 24. Rxe5 Bd6 25. Qxc8 Raxc8 26. Re4 Rcd8 27.
Nc4 Bc7 28. Nf5 Rd7 29. Rae1 Rhd8 30. h3 Rd1 31. Kf1 b5 32. Re7+ Kg6 33. Nh4+
Kh5 34. Rxh7+ Kg5 35. Nf3+ Kg6 36. Rxc7 bxc4 37. Nd4 Rxe1+ 38. Kxe1 Rb8 39. b3
cxb3 40. Nxb3 c5 41. Rxc5 f5 42. g4 f4 43. h4 Rh8 44. h5+ Kh6 45. Rf5 Rg8 46.
Rxf4 Kg5 47. Rf3 Kxg4 48. Rg3+ Kxh5 49. Rxg8 a5 50. Nxa5 Kh6 51. f4 Kh7 52. Rg1
1-0

[Event "Tournoi francophone 013"]
[Site "Skype"]
[Date "????.??.??"]
[Round "1.24"]
[White "Gerbaux, Regis"]
[Black "Vincent, Andre"]
[Result "1/2-1/2"]
[WhiteElo "1073"]
[BlackElo "1377"]
[PlyCount "70"]

1. Nf3 d5 2. d4 Nf6 3. Bf4 g6 4. g3 Bg7 5. c3 Nbd7 6. Nbd2 O-O 7. Bg2 Re8 8.
Ne5 c6 9. Bf3 Nb6 10. h3 Be6 11. b3 Nfd7 12. e4 Nxe5 13. Bxe5 Bxe5 14. dxe5 Qd7
15. Bg2 Red8 16. Qe2 d4 17. cxd4 Qxd4 18. Rd1 Qc3 19. O-O Qxe5 20. f4 Qb2 21.
f5 gxf5 22. exf5 Qd4+ 23. Kh2 Bd5 24. Qg4+ Qg7 25. Bxd5 Nxd5 26. Ne4 Qxg4 27.
hxg4 Ne3 28. Rxd8+ Rxd8 29. Rf4 Rd5 30. f6 e6 31. g5 Rf5 32. Rh4 Nf1+ 33. Kg2
Ne3+ 34. Kh2 Nf1+ 35. Kg2 Ne3+ 1/2-1/2

[Event "Tournoi francophone 013"]
[Site "Skype"]
[Date "????.??.??"]
[Round "1.25"]
[White "Mantelli, Luca"]
[Black "Montilla Bejarano, Carmen"]
[Result "1/2-1/2"]
[WhiteElo "1370"]
[BlackElo "1073"]
[PlyCount "68"]

1. e4 e5 2. Nf3 Nc6 3. Bc4 Nf6 4. Ng5 d5 5. exd5 Nd4 6. c3 Nf5 7. d4 Nd6 8. Bb3
e4 9. Nd2 h6 10. Nh3 Bg4 11. Qc2 Be7 12. Nf4 Bf5 13. Ne2 e3 14. Qd1 exd2+ 15.
Bxd2 O-O 16. O-O Qc8 17. Re1 Nfe4 18. Be3 Bh3 19. gxh3 Qf5 20. Kg2 Qg6+ 21. Ng3
f5 22. Bf4 Rf6 23. Qh5 Qh7 24. Bc2 g5 25. Bxe4 Nxe4 26. Nxe4 fxe4 27. Bxc7 Raf8
28. Bg3 Qf5 29. Qg4 Qg6 30. Qxe4 Qxe4+ 31. Rxe4 Bd8 32. d6 h5 33. Rae1 Kf7 34.
Re8 Rxe8 1/2-1/2

[Event "Tournoi francophone 013"]
[Site "Skype"]
[Date "????.??.??"]
[Round "1.26"]
[White "Dib, Catherine"]
[Black "Scata, Laura"]
[Result "0-1"]
[WhiteElo "1070"]
[BlackElo "1366"]
[PlyCount "54"]

1. Nf3 c6 2. c4 d5 3. e3 Nf6 4. d4 Bf5 5. Be2 e6 6. a3 Nbd7 7. Nbd2 a6 8. b3
Be7 9. Bb2 Ne4 10. O-O Ndf6 11. Nh4 Bg6 12. b4 Nxd2 13. Qxd2 Ne4 14. Qd1 Bxh4
15. g3 Be7 16. Rc1 O-O 17. Bf3 Rc8 18. Bg2 Bf6 19. a4 dxc4 20. Rxc4 b5 21. Rc1
Qd6 22. Ba3 e5 23. Re1 exd4 24. exd4 Rfe8 25. f3 Qxd4+ 26. Qxd4 Bxd4+ 27. Kf1
Nd2# 0-1

[Event "Tournoi francophone 013"]
[Site "Skype"]
[Date "????.??.??"]
[Round "1.27"]
[White "Amato, Ludovica"]
[Black "Tolaro, Filippa"]
[Result "1-0"]
[WhiteElo "1346"]
[BlackElo "1065"]
[PlyCount "89"]

1. e4 c6 2. d4 d5 3. Nc3 dxe4 4. Nxe4 Nf6 5. Nxf6+ exf6 6. Nf3 Bd6 7. Be2 Bf5
8. O-O Nd7 9. Nh4 Be6 10. Bd3 f5 11. Nxf5 Bf8 12. Bf4 g6 13. Nd6+ Bxd6 14. Bxd6
Nf6 15. Be5 Bg4 16. Bxf6 Bxd1 17. Bxd8 Rxd8 18. Raxd1 O-O 19. c3 Rfe8 20. Rfe1
Rf8 21. Re7 b6 22. Rxa7 Rfe8 23. Bc4 Kg7 24. Rxf7+ Kh6 25. Kf1 Re4 26. Re1 Rg4
27. Ree7 Kg5 28. Re5+ Kh6 29. Be6 Rh4 30. g3 Rh5 31. Rxh5+ Kxh5 32. Rxh7+ Kg5
33. Rd7 Re8 34. d5 cxd5 35. Bxd5 b5 36. c4 b4 37. Bb7 Rb8 38. c5 Rf8 39. c6 Kg4
40. c7 Re8 41. c8=Q Re5 42. Re7+ Rf5 43. Re4+ Kg5 44. h4+ Kh6 45. Qh8# 1-0

[Event "Tournoi francophone 013"]
[Site "Skype"]
[Date "????.??.??"]
[Round "1.28"]
[White "Fernandez, Raquel"]
[Black "Pouteau, Pascal"]
[Result "0-1"]
[WhiteElo "1043"]
[BlackElo "1345"]
[PlyCount "30"]

1. e4 c6 2. Nf3 d5 3. d3 d4 4. c3 Bg4 5. Be2 c5 6. Bf4 Nc6 7. Nbd2 Nf6 8. Ne5
Nxe5 9. Bxe5 Bxe2 10. Qxe2 Nd7 11. Nc4 b5 12. Bxg7 Bxg7 13. Na3 dxc3 14. bxc3
Bxc3+ 15. Kf1 Bxa1 0-1

[Event "Tournoi francophone 013"]
[Site "Skype"]
[Date "????.??.??"]
[Round "1.29"]
[White "Ambrosino, Theo"]
[Black "Gagnon, Sindy"]
[Result "1-0"]
[WhiteElo "1339"]
[BlackElo "1043"]
[PlyCount "49"]

1. c4 e5 2. Nc3 Nf6 3. Nf3 d6 4. g3 Be7 5. Bg2 O-O 6. O-O Nc6 7. e4 Be6 8. d3
Bg4 9. a3 a6 10. b4 b5 11. cxb5 axb5 12. Nxb5 Rb8 13. Nc3 Qd7 14. Be3 d5 15. b5
Na5 16. Nxe5 Qd6 17. Nxg4 Nb3 18. Nxf6+ Qxf6 19. Qxb3 Rfd8 20. exd5 h6 21. Qc4
Qd6 22. Bf4 Qb6 23. Bxc7 Rb7 24. Bxb6 Rxb6 25. Qc7 1-0

[Event "Tournoi francophone 013"]
[Site "Skype"]
[Date "????.??.??"]
[Round "1.30"]
[White "Trapletti, Cosetta"]
[Black "Le Brun, Yves"]
[Result "0-1"]
[WhiteElo "1026"]
[BlackElo "1338"]
[PlyCount "74"]

1. c4 Nf6 2. d4 d5 3. e3 Bg4 4. Nf3 e6 5. Be2 Bb4+ 6. Nc3 c6 7. c5 h6 8. O-O
Nbd7 9. h3 Bf5 10. Ne5 Ba5 11. Bf3 Bc7 12. Bh5 Nxe5 13. dxe5 Bxe5 14. Qf3 Nxh5
15. Qxh5 g6 16. Qf3 Qe7 17. Re1 Qxc5 18. e4 dxe4 19. Nxe4 Qd5 20. Bf4 Bxe4 21.
Rxe4 Bxf4 22. Qxf4 Qf5 23. Qe3 b6 24. a3 Rd8 25. Rc1 Qd5 26. Rd4 Qxd4 27. Qf3
c5 28. Rd1 Qxd1+ 29. Qxd1 Rxd1+ 30. Kh2 Rd2 31. f3 Rxb2 32. Kg3 Ke7 33. f4 Rb3+
34. Kg4 f5+ 35. Kh4 Kf6 36. g4 g5+ 37. fxg5+ hxg5# 0-1

[Event "Tournoi francophone 013"]
[Site "Skype"]
[Date "????.??.??"]
[Round "1.31"]
[White "Bucherie, Volcy"]
[Black "Canova, Felix"]
[Result "1-0"]
[WhiteElo "1336"]
[BlackElo "1000"]
[PlyCount "81"]

1. d4 d5 2. c4 Nf6 3. Nc3 Nc6 4. Nf3 Bg4 5. e3 e6 6. Be2 Be7 7. O-O O-O 8. h3
Bh5 9. Ng5 Bxe2 10. Nxe2 Ne4 11. Nxe4 dxe4 12. Nc3 e5 13. d5 Bd6 14. dxc6 Be7
15. cxb7 Rb8 16. Qxd8 Bxd8 17. Nxe4 Rxb7 18. Nc5 Rb8 19. Nd7 Rc8 20. Nxe5 Bf6
21. Nd7 Be7 22. Nxf8 Rxf8 23. Rd1 c5 24. Rd7 Rd8 25. Rxe7 Kf8 26. Rxa7 Re8 27.
b3 g6 28. Ba3 Kg7 29. Kh2 Rf8 30. Bxc5 Rg8 31. Bd4+ Kh6 32. Rxf7 g5 33. g4 Kg6
34. Rf6+ Kg7 35. Rf5+ Kg6 36. Rd1 h5 37. Kg3 h4+ 38. Kg2 Kh6 39. f4 gxf4 40.
exf4 Rg6 41. Rh5# 1-0

[Event "Tournoi francophone 013"]
[Site "Skype"]
[Date "????.??.??"]
[Round "1.32"]
[White "Hampton, Irene"]
[Black "Martin, Jean-Claude"]
[Result "0-1"]
[WhiteElo "1000"]
[BlackElo "1315"]
[PlyCount "74"]

1. e4 e5 2. d3 Nf6 3. Nf3 Nc6 4. Be2 Bc5 5. O-O d6 6. Nbd2 Be6 7. b3 O-O 8. Bb2
h6 9. c4 a6 10. Qc2 Bb4 11. a3 Bxd2 12. Qxd2 b5 13. Qc3 Re8 14. Rad1 a5 15. h4
b4 16. Qd2 Rb8 17. d4 exd4 18. Bd3 bxa3 19. Qc1 axb2 20. Qxb2 a4 21. Nxd4 Nxd4
22. Qxd4 c5 23. Qc3 Rxb3 24. Qc2 Qb8 25. e5 dxe5 26. Qa2 Rb4 27. f3 g6 28. Kh1
Nh5 29. g4 Ng3+ 30. Kg1 Nxf1 31. Kxf1 Rd8 32. Be2 Rxd1+ 33. Bxd1 Bxc4+ 34. Qe2
Bxe2+ 35. Bxe2 e4 36. h5 Qh2 37. hxg6 Rb1+ 0-1

[Event "Tournoi francophone 013"]
[Site "Skype"]
[Date "????.??.??"]
[Round "1.33"]
[White "Tamditi, Ibrahim"]
[Black "Rodriguez Tovar, Liliana"]
[Result "1-0"]
[WhiteElo "1315"]
[BlackElo "1000"]
[PlyCount "65"]

1. e4 e5 2. Bc4 Bc5 3. Nf3 Nc6 4. Bd5 Nce7 5. Nxe5 c6 6. Nxf7 Qb6 7. Nxh8 Bxf2+
8. Kf1 cxd5 9. Qf3 Bd4 10. Qf7+ Kd8 11. c3 Qf6+ 12. Qxf6 Bxf6 13. Nf7+ Kc7 14.
e5 b6 15. exf6 Ba6+ 16. Kf2 Nxf6 17. Re1 Ng4+ 18. Kg3 Ng6 19. Kxg4 Rf8 20. Ng5
Rf4+ 21. Kg3 h5 22. d4 Rg4+ 23. Kf2 Nh4 24. g3 Nf5 25. Kf3 Bd3 26. Na3 Nd6 27.
Bf4 Be4+ 28. Nxe4 dxe4+ 29. Rxe4 Kc6 30. Bxd6 Kxd6 31. Nb5+ Kd5 32. Re5+ Kc6
33. Rxh5 1-0